Gil Vicente (Registo nº 3861)

Detalhes MARC
000 -Etiqueta do registo
Cabeçalho 00445cam a2200181 i 4500
005 - Identificador da versão
Campo de controlo 20240813122046.0
100 ## - Dados gerais de processamento
Dados gerais de processamento 20101018d1974 e y0pory5003 ba
102 ## - Pais de publicação ou produção
País de publicação Portugal
101 0# - Língua de publicação
Língua do texto, banda sonora, etc. Português
215 ## - Descrição física 
Indicação específica da natureza do documento e extensão da espécie 173 p.
200 1# - Titulo e menção de responsabilidade
Título próprio Gil Vicente
Primeira menção de responsabilidade Matilde Rosa Araújo
225 1# - Colecção 
Título próprio da colecção Educativa
Indicação de volume 5
210 ## - Publicação, Distribuição, etc. 
Lugar da edição, distribuição, etc. Lisboa
Nome do editor, distribuidor, etc. Ministério da Educação e Cultura
Data da publicação, distribuição, etc. 1974
700 #1 - Nome de autor-pessoa física (responsabilidade principal)
Número de registo de entrada de autoridade 0000300
Palavra de ordem Araújo
Outra parte do nome não tomada para palavra de ordem Matilde Rosa
942 ## - Elementos de entrada adicionados (Koha)
Tipo de item no Koha Livro
Exemplares
Situação do levantamento Origin of item (home branch) (coded) Biblioteca de empréstimo Código de barras Cota Circulation type (not for loan) Tipo de documento Nota do exemplar Damaged status
  Biblioteca Escolar das Vendas Biblioteca Escolar das Vendas BEV200 8POR ARA   Livro Sem mensagem